<The> Impact of Marketing Innovation on the Competitiveness of Enterprises in the Context of Industry 4.0

Výskum oblastí marketingu v kontexte priemyslu 4.0 a jeho vplyvov. Obsahom prezentovaného výskumu je digitalizácia v priemysle 4.0 a implikácie s ňou spojené. Na základe toho bol uskutočnený pilotný výskum v 50-tich podnikoch. Zoznam 15 základných marketingových nástrojov zostavený pomocou obsahovej...

ver descrição completa

Na minha lista:
Detalhes bibliográficos
Autor principal: Ungerman, Otakar
Formato: Capítulo de Livro
Idioma:inglês
Assuntos:
Tags: Adicionar Tag
Sem tags, seja o primeiro a adicionar uma tag!

MARC

LEADER 00000nla a2200000 4500
001 0246744
005 20240417075142.4
041 0 |a eng 
044 |a CZ 
245 1 0 |a <The> Impact of Marketing Innovation on the Competitiveness of Enterprises in the Context of Industry 4.0  |c Otakar Ungerman 
520 |a Výskum oblastí marketingu v kontexte priemyslu 4.0 a jeho vplyvov. Obsahom prezentovaného výskumu je digitalizácia v priemysle 4.0 a implikácie s ňou spojené. Na základe toho bol uskutočnený pilotný výskum v 50-tich podnikoch. Zoznam 15 základných marketingových nástrojov zostavený pomocou obsahovej analýzy. 
610 2 0 |a priemysel 
610 2 0 |a inovácie technologické 
610 2 0 |a digitalizácia 
610 2 0 |a prostredie podnikateľské 
610 2 0 |a marketing 
610 2 0 |a nástroje marketingové 
610 2 0 |a konkurencieschopnosť 
100 1 |a Ungerman, Otakar